Qui porte ces couvre-chefs ? - 1 - Statistiques

Statistiques générales
  • Ce quiz a été pris 21 fois
  • Le résultat moyen est 3 sur 15
Statistiques - réponses
Hint Réponse % Correct
Chapka Les Russes
61%
Kabell Les Bretons
33%
Al-kalpak Les Kirghizes
33%
Poffer Les Néerlandais
28%
Barbichet Les Saintongeais
28%
Imam Sarik Les Egyptiens
22%
Eboshi Les Japonais
22%
Dastar Les Sikhs
22%
Kofia Comoriens
17%
Bada Les Péruviens
17%
Clop Les Roumains
17%
Mokorotlo Les Sothos
17%
Toukenn Des Bretonnes
11%
Palhole Les Limousins
11%
Toquat Les Troyennes
6%
Aucun quiz correspondant
Distribution des résultats
% des personnes avec chaque résultat
Percentile par nombre de réponses
Votre historique - résultats
Vous n’avez pas pris ce quiz